000 00439nam a22001817a 4500
003 MPLRDC
005 20220104114557.0
008 210129b ||||| |||| 00| 0 eng d
020 _a7-5354-1097-9
082 _a857.63 FYQ v.1
100 _a冯玉奇
245 _a一代红颜
_c
250 _a一版一刷
260 _a
_b长江文艺出版社
_c1994
300 _b
650 _a短篇小说--别集
942 _cBK
_o857.63 FYQ v.1
999 _c8564
_d8554